14 8000m Peaks - Statistics

General Stats
  • This quiz has been taken 367 times
  • The average score is 9 of 14
Answer Stats
Hint Answer Country % Correct
1 EVEREST NEPAL
99%
2 K2 PAKISTAN
99%
4 LHOTSE NEPAL
75%
5 MAKALU NEPAL
68%
10 ANNAPURNA NEPAL
66%
6 CHO OYU NEPAL
65%
9 NANGA PARBAT PAKISTAN
65%
12 BROAD PEAK PAKISTAN
63%
8 MANASLU NEPAL
61%
3 KANGCHENJUNGA NEPAL
58%
7 DHAULAGIRI NEPAL
57%
11 GASHERBRUM I PAKISTAN
54%
13 GASHERBRUM II PAKISTAN
53%
14 SHISHAPANGMA CHINA
53%
No matching quizzes found
Score Distribution
Percent of People with Each Score
Percentile by Number Answered
Your Score History
You have not taken this quiz